Statistics for Major Natural Regions of Canada

Click here to take the quiz!

General Stats

  • This quiz has been taken 48 times
  • The average score is 3 of 7

Answer Stats

Answer% Correct
Arctic Lands
70%
Canadian Shield
67%
Great Lakes - St. Lawrence Lowlands
43%
Hudson Bay Lowland
30%
Cordillera
20%
Interior Plains
20%
Appalachian Uplands
17%

Score Distribution

Percentile by Number Answered

Percent of People with Each Score

Your Score History

You have not taken this quiz